| 000 | 01297nam0a2200349 4500 | ||
|---|---|---|---|
| 001 | RU\NLR\BIBL_A\011865076 | ||
| 005 | 20190114165107.0 | ||
| 010 | _a978-5-9908085-6-0 | ||
| 021 |
_aRU _bКН-П-19-050501 _9КН-П-19-3654 |
||
| 021 |
_aRU _bКН-П-18-079535 _9КН-П-18-5755 |
||
| 035 | _a(NLR Aleph) 011865076 | ||
| 035 | _a(RuMoRGB)009782888 | ||
| 090 |
_a12173993 _c12173993 |
||
| 100 | _a20181116d2018 m y0rusy50 ca | ||
| 101 | 0 | _aeng | |
| 102 | _aRU | ||
| 105 | _ay z 000ay | ||
| 200 | 1 |
_aFight club _e[книга для чтения на английском языке] _fChuck Palahniuk _gадаптация, сокращение и словарь: А. В. Шитова |
|
| 210 |
_aСанкт-Петербург _cАнтология _d2018 |
||
| 215 |
_a158 с. _d20 |
||
| 225 | 1 |
_aAbridged bestseller _iIntermediate |
|
| 333 | _a16+ | ||
| 541 | 1 |
_aБойцовский клуб _zrus |
|
| 606 |
_aАнглийский язык _jКниги для чтения _2nlr_sh _3RU\NLR\AUTH\6646032 |
||
| 675 | _a811.111 | ||
| 686 | 1 | _aШ143.21-93рус91 | |
| 700 | 1 |
_aPalahniuk _bCh. _f1961- _gChuck _3RU\NLR\AUTH\770217832 |
|
| 702 | 1 |
_aŠitova _bA. V. _gAlina Valentinovna _4010 |
|
| 942 | _cBOOK | ||
| 980 | _aNB | ||